Top 10 Most Viewed European Cities on Wikipedia - Statistics

General Stats
  • This quiz has been taken 1,066 times
    1,061 since last reset
  • The average score is 7 of 10
Answer Stats
Views Countries % Correct
39 m Paris
99%
65 m London
98%
29 m Rome
97%
23 m Berlin
95%
24 m Barcelona
83%
25 m Amsterdam
79%
23 m Istanbul
58%
22 m Venice
48%
27 m Monaco
31%
22 m Pompeii
6%
No matching quizzes found
Score Distribution
Percent of People with Each Score
Percentile by Number Answered
Your Score History
You have not taken this quiz since the last reset